Members of Wu-tang clan - Statistiques

Statistiques générales
  • Ce quiz a été pris 34 fois
  • Le résultat moyen est 7 sur 10
Statistiques - réponses
Réponse % Correct
GZA
96%
RZA
96%
Method Man
92%
Ol' Dirty Bastard
79%
Raekwon
75%
Ghostface Killah
71%
Inspectah Deck
63%
U-God
54%
Masta Killa
50%
Cappadonna
38%
Aucun quiz correspondant
Distribution des résultats
% des personnes avec chaque résultat
Percentile par nombre de réponses
Votre historique - résultats
Vous n’avez pas pris ce quiz